English Grammer and Composition (Record no. 11180)

MARC details
000 -LEADER
fixed length control field 00270nam a22000977a 4500
008 - FIXED-LENGTH DATA ELEMENTS--GENERAL INFORMATION
fixed length control field 181008b ||||| |||| 00| 0 eng d
020 ## - INTERNATIONAL STANDARD BOOK NUMBER
International Standard Book Number 9789385541322
100 ## - MAIN ENTRY--PERSONAL NAME
Personal name Mitra, T K
9 (RLIN) 6939
245 ## - TITLE STATEMENT
Title English Grammer and Composition
260 ## - PUBLICATION, DISTRIBUTION, ETC. (IMPRINT)
Place of publication, distribution, etc. New Delhi
Name of publisher, distributor, etc. Yellow Bird Publication
Holdings
Withdrawn status Lost status Source of classification or shelving scheme Damaged status Koha normalized classification for sorting Not for loan Home library Current library Shelving location Date acquired Total Checkouts Full call number Barcode Date last seen Price effective from Koha item type
    Dewey Decimal Classification   MIT_425_000000000000000   Good Samaritan School Library Good Samaritan School Library English Grammar 10/08/2018   MIT425 MIT15148 10/08/2018 10/08/2018 BOOK

Powered by Koha